000
00278nam a2200109Ia 4500
008
220204s9999 xx 000 0 und d
082
_a
054
_b
SCO
245
0
_a
Survey of progress in chemistry. V 1
260
_a
New York
_b
Academic
_c
1963
700
_a
Scott, Arthur F
942
_c
BK
999
_c
20571
_d
20571